NASCAR 2025 Xfinity Schedule in order - Statistics

General Stats
  • This quiz has been taken 23 times
  • The average score is 31 of 33
Answer Stats
Race # Race Track/Course % Correct
#2 Atlanta Motor Speedway
100%
#17 Atlanta Motor Speedway
100%
#13 Charlotte Motor Speedway
100%
#3 Circuit of the Americas (Cota)
100%
#1 Daytona International Speedway
100%
#24 Daytona International Speedway
100%
#28 Kansas Speedway
100%
#5 Las Vegas Motor Speedway
100%
#30 Las Vegas Motor Speedway
100%
#4 Phoenix Raceway
100%
#33 Phoenix Raceway
100%
#19 Sonoma Raceway
100%
#9 Bristol Motor Speedway
94%
#27 Bristol Motor Speedway
94%
#6 Homestead-Miami Speedway
94%
#7 Martinsville Speedway
94%
#32 Martinsville Speedway
94%
#25 Portland International Raceway
94%
#10 Rockingham Speedway (The Rock)
94%
#11 Talladega Superspeedway
94%
#31 Talladega Superspeedway
94%
#23 Watkins Glen International (The Glen)
94%
#29 Charlotte Motor Speedway Road Course (Charlotte Roval)
89%
#18 Chicago Street Course
89%
#20 Dover International Speedway
89%
#12 Texas Motor Speedway
89%
#8 Darlington Raceway
83%
#22 Iowa Speedway
83%
#16 Pocono Raceway
83%
#15 Autódromo Hermanos Rodríguez (Mexico City)
78%
#21 Indianapolis Motor Speedway
78%
#26 World Wide Technology Raceway (Gateway / St.Louis)
78%
#14 Nashville Superspeedway
72%
No matching quizzes found
Score Distribution
Percent of People with Each Score
Percentile by Number Answered
Your Score History
You have not taken this quiz